[Event "Skopje op-A"]
[Site "Skopje"]
[Date "2023.12.10"]
[Round "6"]
[White "Djurovic, Peko"]
[Black "Krstevski, Vlatko"]
[Result "1-0"]
[WhiteElo "2359"]
[BlackElo "2065"]
[PlyCount "79"]
[EventDate "2023.12.06"]
[EventType "swiss"]
[EventRounds "9"]
[EventCountry "MKD"]
[SourceTitle "CBM 217 Extra"]
[Source "ChessBase"]
[SourceDate "2024.01.31"]
[SourceVersion "1"]
[SourceVersionDate "2024.01.31"]
[SourceQuality "1"]

1. e4 c5 2. Nf3 d6 3. d4 cxd4 4. Nxd4 Nf6 5. Nc3 a6 6. h3 e6 7. g4 h6 8. Bg2 Be7 9. b3 Qc7 10. Bb2 Nc6 11. Nxc6 bxc6 12. Qe2 Bb7 13. 0-0-0 c5 14. f4 Rc8 15. Rhe1 c4 16. Kb1 Nd7 17. Nd5 exd5 18. Bxg7 cxb3 19. axb3 Rg8 20. Bd4 Kd8 21. exd5 Bh4 22. g5 Bxe1 23. Rxe1 Qxc2+ 24. Qxc2 Rxc2 25. Kxc2 hxg5 26. f5 Re8 27. Rxe8+ Kxe8 28. f6 Kd8 29. Kd3 Kc7 30. Ke4 Bc8 31. Kf5 g4 32. Kxg4 Nc5+ 33. Kg5 Nxb3 34. Bb2 a5 35. h4 Nc5 36. h5 Ba6 37. Kh6 Kd8 38. Kg7 Ke8 39. h6 Bd3 40. Bf1 1-0

[Event "Skopje op-A"]
[Site "Skopje"]
[Date "2023.12.10"]
[Round "7"]
[White "Krstevski, Vlatko"]
[Black "Karadas, Hena"]
[Result "1-0"]
[WhiteElo "2065"]
[BlackElo "1477"]
[PlyCount "99"]
[EventDate "2023.12.06"]
[EventType "swiss"]
[EventRounds "9"]
[EventCountry "MKD"]
[SourceTitle "CBM 217 Extra"]
[Source "ChessBase"]
[SourceDate "2024.01.31"]
[SourceVersion "1"]
[SourceVersionDate "2024.01.31"]
[SourceQuality "1"]

1. c4 e6 2. g3 Nf6 3. Bg2 d5 4. cxd5 exd5 5. d4 Bb4+ 6. Bd2 Be7 7. Nc3 c6 8. Qc2 0-0 9. Nf3 a5 10. 0-0 Na6 11. a3 Nc7 12. Rfe1 Ne6 13. Rad1 Qb6 14. Bc1 h6 15. Qd3 Rd8 16. Nh4 Bf8 17. Nf3 Be7 18. h3 Qa7 19. g4 g5 20. Nh2 Qb8 21. Nf1 b5 22. Ng3 Ng7 23. e4 b4 24. Nb1 Ra7 25. e5 Nh7 26. Qc2 Rc7 27. Qb3 Be6 28. Qf3 Qc8 29. Nd2 Nf8 30. Ndf1 Ng6 31. Ne3 Nh4 32. Qe2 b3 33. Bd2 a4 34. Ba5 Rdd7 35. Bxc7 Rxc7 36. Bh1 Ng6 37. Qd2 Nf4 38. Kh2 Ra7 39. Rc1 Qa6 40. Red1 Rc7 41. Nef5 Bxf5 42. gxf5 f6 43. Bf3 Qc8 44. Ne2 fxe5 45. Nxf4 exf4 46. Qa5 Bd6 47. Qxa4 Nxf5 48. Rxc6 Kg7 49. Rdc1 Nxd4 50. Qxd4+ 1-0

[Event "Skopje op-A"]
[Site "Skopje"]
[Date "2023.12.08"]
[Round "3"]
[White "Krstevski, Vlatko"]
[Black "Aydemir, Umut"]
[Result "0-1"]
[WhiteElo "2065"]
[BlackElo "1722"]
[PlyCount "96"]
[EventDate "2023.12.06"]
[EventType "swiss"]
[EventRounds "9"]
[EventCountry "MKD"]
[SourceTitle "CBM 217 Extra"]
[Source "ChessBase"]
[SourceDate "2024.01.31"]
[SourceVersion "1"]
[SourceVersionDate "2024.01.31"]
[SourceQuality "1"]

1. e4 e5 2. Nf3 Nc6 3. Bb5 a6 4. Ba4 Nf6 5. 0-0 Nxe4 6. Re1 Nc5 7. Nxe5 Be7 8. Bxc6 dxc6 9. d4 Ne6 10. c3 0-0 11. Nd2 c5 12. dxc5 Nxc5 13. Qc2 g6 14. Ndf3 Bf5 15. Qe2 Bd6 16. Be3 Qe7 17. Bxc5 Bxc5 18. Qc4 Be6 19. Qf4 Rad8 20. Ng4 Qd6 21. Nf6+ Kg7 22. Ne5 Qd2 23. Qxd2 Rxd2 24. Ne4 Rd5 25. Nxc5 Rxc5 26. f4 Rd8 27. Re2 Rcd5 28. a3 a5 29. h3 h6 30. Rae1 Rd1 31. Kf2 c5 32. Ke3 f6 33. Nf3 Bc4 34. Rxd1 Rxd1 35. Rd2 Rxd2 36. Nxd2 Bd5 37. g3 Kf7 38. Kd3 Ke6 39. Nc4 a4 40. Ne3 h5 41. g4 h4 42. c4 Bf3 43. Kd2 g5 44. f5+ Ke5 45. Ke1 Kd4 46. Kf2 Be4 47. Nd1 Kxc4 48. Nc3 Bc6 0-1

[Event "Skopje op-A"]
[Site "Skopje"]
[Date "2023.12.07"]
[Round "2"]
[White "Valitov, Ilshat"]
[Black "Krstevski, Vlatko"]
[Result "0-1"]
[WhiteElo "1802"]
[BlackElo "2065"]
[PlyCount "80"]
[EventDate "2023.12.06"]
[EventType "swiss"]
[EventRounds "9"]
[EventCountry "MKD"]
[SourceTitle "CBM 217 Extra"]
[Source "ChessBase"]
[SourceDate "2024.01.31"]
[SourceVersion "1"]
[SourceVersionDate "2024.01.31"]
[SourceQuality "1"]

1. Nf3 Nf6 2. g3 g6 3. Bg2 Bg7 4. d3 d5 5. 0-0 0-0 6. Nbd2 Re8 7. e4 dxe4 8. dxe4 Nc6 9. c3 Qd3 10. Re1 Rd8 11. Bf1 Qd7 12. Bb5 Qh3 13. Bxc6 bxc6 14. Ng5 Qg4 15. Qxg4 Nxg4 16. Nb3 Ne5 17. Kg2 Nd3 18. Rd1 Ba6 19. f4 c5 20. e5 Rab8 21. Be3 c4 22. Nc5 Rxb2+ 23. Kf3 Bb5 24. Nxd3 cxd3 25. Rd2 Rxd2 26. Bxd2 h6 27. Ne4 f6 28. exf6 exf6 29. Re1 Bc6 30. Ke3 Bb5 31. Nc5 Bc4 32. a4 f5 33. Kf2 Kf7 34. Nb7 Rd5 35. Rc1 Bf8 36. Ke3 c6 37. h3 Ba6 38. Rb1 Rd7 39. Na5 Re7+ 40. Kd4 Re4# 0-1

[Event "FRM-chT 30th"]
[Site "Struga"]
[Date "2022.10.19"]
[Round "6.6"]
[White "Lozanovski, Andrej"]
[Black "Krstevski, Vlatko"]
[Result "1-0"]
[WhiteElo "1199"]
[BlackElo "2082"]
[PlyCount "83"]
[EventDate "2022.10.14"]
[EventType "team-tourn"]
[EventRounds "7"]
[EventCountry "MKD"]
[SourceTitle "CBM 210 Extra"]
[Source "ChessBase"]
[SourceDate "2022.11.30"]
[SourceVersion "1"]
[SourceVersionDate "2022.11.30"]
[SourceQuality "1"]
[WhiteTeam "Bitola Patako"]
[BlackTeam "Kumanovo GSHK"]
[WhiteTeamCountry "MKD"]
[BlackTeamCountry "MKD"]

1. d4 d5 2. Bf4 Nf6 3. e3 g6 4. Nf3 Bg7 5. Be2 0-0 6. h3 c5 7. c3 c4 8. Nbd2 Nc6 9. 0-0 a5 10. a4 h6 11. b3 cxb3 12. Qxb3 Kh8 13. Ne5 Nd7 14. Nxd7 Qxd7 15. Bf3 Rd8 16. c4 e6 17. cxd5 exd5 18. Rac1 f5 19. Rc5 Nb4 20. Bc7 Na6 21. Bxd8 Nxc5 22. dxc5 Qxd8 23. Bxd5 Bd7 24. Nc4 Bc6 25. Bxc6 bxc6 26. Nd6 Kh7 27. Qb7 Rb8 28. Qxc6 Qe7 29. Nb5 Rd8 30. Qb6 g5 31. Qxa5 g4 32. hxg4 fxg4 33. Qc7 Rd7 34. Qf4 Qxc5 35. Qxg4 Rd5 36. Qe4+ Kh8 37. Qe8+ Kh7 38. Qe4+ Kh8 39. Rb1 Re5 40. Qb4 Qc2 41. Nd4 Qe4 42. Nf3 1-0

[Event "FRM-chT 29th"]
[Site "Struga"]
[Date "2021.08.19"]
[Round "5"]
[White "Asllani, Muhamet"]
[Black "Krstevski, Vlatko"]
[Result "1-0"]
[WhiteElo "2201"]
[BlackElo "2105"]
[PlyCount "71"]
[EventDate "2021.08.15"]
[EventType "team-tourn"]
[EventRounds "7"]
[EventCountry "MKD"]
[SourceTitle "CBM 203 Extra"]
[Source "ChessBase"]
[SourceDate "2021.09.30"]
[SourceVersion "1"]
[SourceVersionDate "2021.09.30"]
[SourceQuality "1"]
[WhiteTeam "Shipkovica Anpasan"]
[BlackTeam "Kumanovo GSHK"]
[WhiteTeamCountry "MKD"]
[BlackTeamCountry "MKD"]

1. e4 c5 2. Nf3 d6 3. d4 cxd4 4. Nxd4 Nf6 5. Nc3 a6 6. a4 e6 7. Be3 Be7 8. Be2 0-0 9. 0-0 Bd7 10. f4 Qc7 11. Qe1 Nc6 12. Qg3 d5 13. e5 Ne4 14. Nxe4 dxe4 15. Nxc6 Qxc6 16. Rad1 Bc5 17. b3 Rad8 18. c4 g6 19. Kh1 Bc8 20. Qf2 b6 21. h4 Bb7 22. h5 Qc7 23. h6 Qe7 24. a5 Bxe3 25. Qxe3 bxa5 26. Qb6 Rb8 27. Rd6 Qh4+ 28. Kg1 Qxh6 29. Qxa5 Bc8 30. Qc3 Qh4 31. c5 g5 32. g3 Qh6 33. f5 Qh3 34. f6 h5 35. Qe3 Kh8 36. Qxg5 1-0

[Event "FRM-chT 29th"]
[Site "Struga"]
[Date "2021.08.16"]
[Round "2"]
[White "Nedev, Trajce"]
[Black "Krstevski, Vlatko"]
[Result "1-0"]
[WhiteElo "2485"]
[BlackElo "2105"]
[PlyCount "53"]
[EventDate "2021.08.15"]
[EventType "team-tourn"]
[EventRounds "7"]
[EventCountry "MKD"]
[SourceTitle "CBM 203 Extra"]
[Source "ChessBase"]
[SourceDate "2021.09.30"]
[SourceVersion "1"]
[SourceVersionDate "2021.09.30"]
[SourceQuality "1"]
[WhiteTeam "Skopje Alkaloid"]
[BlackTeam "Kumanovo GSHK"]
[WhiteTeamCountry "MKD"]
[BlackTeamCountry "MKD"]

1. e4 c5 2. Nf3 d6 3. d4 cxd4 4. Nxd4 Nf6 5. Nc3 a6 6. Be3 e6 7. f3 Qc7 8. Qd2 Be7 9. g4 b5 10. 0-0-0 0-0 11. g5 Nfd7 12. h4 Ne5 13. a3 Nbc6 14. Nxc6 Qxc6 15. f4 Nc4 16. Bxc4 Qxc4 17. Qd3 Qxd3 18. Rxd3 Bb7 19. Rhd1 a5 20. e5 b4 21. exd6 Bxd6 22. Rxd6 bxc3 23. b3 Rfc8 24. a4 g6 25. Bd4 Be4 26. Re1 Bf5 27. Re3 1-0

[Event "EU-ch blitz"]
[Site "Skopje"]
[Date "2018.12.06"]
[Round "2"]
[White "Krstevski, Vlatko"]
[Black "Ivanisevic, Ivan"]
[Result "0-1"]
[WhiteElo "2096"]
[BlackElo "2603"]
[PlyCount "50"]
[EventDate "2018.12.06"]
[EventType "swiss (blitz)"]
[EventRounds "22"]
[EventCountry "MKD"]
[SourceTitle "CBM 187 Extra"]
[Source "ChessBase"]
[SourceDate "2018.11.04"]
[SourceVersion "1"]
[SourceVersionDate "2018.11.04"]
[SourceQuality "1"]

1. e4 e5 2. Nf3 Nf6 3. Nc3 d6 4. d4 Nbd7 5. dxe5 dxe5 6. Bc4 Bc5 7. 0-0 0-0 8. Bg5 h6 9. Bh4 c6 10. h3 b5 11. Bb3 a5 12. a4 b4 13. Ne2 Ba6 14. Re1 g5 15. Nxg5 hxg5 16. Bxg5 Qb6 17. Bh4 Nxe4 18. Qxd7 Bxf2+ 19. Kh1 Bxh4 20. Qg4+ Ng5 21. Qxh4 Qe3 22. Ng1 Qf4 23. Qh6 Ne6 24. Qh5 Ng7 25. Qe2 Bxe2 0-1

[Event "FRM-chT 24th"]
[Site "Struga"]
[Date "2015.07.25"]
[Round "6"]
[White "Gjorgjieski, Dejan"]
[Black "Krstevski, Vlatko"]
[Result "1/2-1/2"]
[WhiteElo "2154"]
[BlackElo "2093"]
[PlyCount "20"]
[EventDate "2015.07.20"]
[EventType "team-tourn"]
[EventRounds "7"]
[EventCountry "MKD"]
[SourceTitle "CBM 167 Extra"]
[Source "ChessBase"]
[SourceDate "2015.09.14"]
[SourceVersion "1"]
[SourceVersionDate "2015.09.14"]
[SourceQuality "1"]
[WhiteTeam "Prilep"]
[BlackTeam "Kumanovo"]
[WhiteTeamCountry "MKD"]
[BlackTeamCountry "MKD"]

1. e4 e5 2. Bc4 Nc6 3. d3 Nf6 4. Nf3 Be7 5. 0-0 0-0 6. Re1 d6 7. c3 h6 8. h3 Be6 9. Nbd2 Bxc4 10. Nxc4 a6 1/2-1/2

[Event "FRM-chT 22nd"]
[Site "Struga"]
[Date "2013.07.30"]
[Round "2.1"]
[White "Krstevski, Vlatko"]
[Black "Nedev, Trajce"]
[Result "0-1"]
[WhiteElo "2115"]
[BlackElo "2497"]
[PlyCount "148"]
[EventDate "2013.07.29"]
[EventType "team-tourn"]
[EventRounds "7"]
[EventCountry "MKD"]
[SourceTitle "CBM 155 Extra"]
[Source "ChessBase"]
[SourceDate "2013.08.26"]
[SourceVersion "1"]
[SourceVersionDate "2013.08.26"]
[SourceQuality "1"]
[WhiteTeam "Kumanovo"]
[BlackTeam "Skopje Alkaloid"]
[WhiteTeamCountry "MKD"]
[BlackTeamCountry "MKD"]

1. e4 c5 2. Nc3 Nc6 3. g3 g6 4. Bg2 Bg7 5. Nge2 e6 6. d3 Nge7 7. 0-0 0-0 8. Bf4 e5 9. Be3 d6 10. Qd2 Nd4 11. a4 Bh3 12. Nb5 Bxg2 13. Kxg2 Ne6 14. c4 Nc6 15. Bh6 f5 16. Bxg7 Kxg7 17. f4 Qd7 18. Nbc3 fxe4 19. dxe4 Ned4 20. Nxd4 Nxd4 21. Qd3 exf4 22. gxf4 a6 23. Qg3 Qe6 24. Qd3 Qg4+ 25. Qg3 Qxg3+ 26. hxg3 Nc2 27. Rad1 Ne3+ 28. Kf3 Nxf1 29. Rxf1 Rad8 30. Rd1 g5 31. f5 h5 32. Nd5 Rf7 33. Ne3 Kf6 34. Rd5 Re7 35. Rd1 Kf7 36. Nd5 Re5 37. Nc7 Rc8 38. Ne6 Rxe6 39. fxe6+ Kxe6 40. Rd5 Rf8+ 41. Kg2 Rg8 42. Kh3 b6 43. Rf5 Ke7 44. Rd5 Rg6 45. e5 dxe5 46. Rxe5+ Kd6 47. Rf5 Kc6 48. Re5 h4 49. gxh4 gxh4 50. Kxh4 Rg2 51. Re6+ Kc7 52. b3 Rb2 53. Re3 b5 54. cxb5 axb5 55. axb5 Kb6 56. Kg4 Kxb5 57. Rc3 Rf2 58. Kg3 Rf5 59. Rc4 Rd5 60. Rc3 Kb4 61. Re3 Rd2 62. Kf3 Rb2 63. Ke4 Rxb3 64. Re1 c4 65. Rh1 Rd3 66. Rh8 Kc3 67. Ra8 Rd7 68. Ra3+ Kb2 69. Ra8 c3 70. Rb8+ Kc1 71. Ke3 c2 72. Ke2 Re7+ 73. Kd3 Kd1 74. Rh8 c1Q 0-1

[Event "Skopje Karposh op"]
[Site "Skopje"]
[Date "2013.03.16"]
[Round "9"]
[White "Antoniadou, Paraskevi"]
[Black "Krstevski, Vlatko"]
[Result "0-1"]
[WhiteElo "1732"]
[BlackElo "2154"]
[PlyCount "80"]
[EventDate "2013.03.09"]
[EventType "swiss"]
[EventRounds "9"]
[EventCountry "MKD"]
[SourceTitle "CBM 153 Extra"]
[Source "ChessBase"]
[SourceDate "2013.04.22"]
[SourceVersion "1"]
[SourceVersionDate "2013.04.22"]
[SourceQuality "1"]

1. e4 c5 2. Nc3 d6 3. d3 g6 4. g3 Bg7 5. Bg2 Nf6 6. Be3 Nc6 7. a3 Qb6 8. Rb1 0-0 9. Qd2 Bd7 10. Nge2 Nd4 11. 0-0 Bh3 12. f3 Be6 13. Nf4 Bd7 14. g4 e5 15. Nfd5 Nxd5 16. Nxd5 Qd8 17. c3 Nc6 18. Bh6 Be6 19. Bxg7 Kxg7 20. Rf2 Ne7 21. c4 Nc6 22. Bh1 h6 23. Rbf1 Nd4 24. Rg2 Rh8 25. Ne3 Qg5 26. f4 exf4 27. Rxf4 Qe5 28. Rgf2 h5 29. Nd5 Bxd5 30. exd5 Raf8 31. Be4 hxg4 32. Rxg4 Rh5 33. Rfg2 Rfh8 34. R2g3 Rxh2 35. Rg2 Rh1+ 36. Kf2 Nf5 37. Rg5 Qd4+ 38. Ke2 Nh4 39. Rf2 Rb1 40. Rxf7+ Kxf7 0-1

[Event "Skopje Karposh op"]
[Site "Skopje"]
[Date "2013.03.14"]
[Round "7"]
[White "Milutinovic, Stefana"]
[Black "Krstevski, Vlatko"]
[Result "1-0"]
[WhiteElo "2000"]
[BlackElo "2154"]
[PlyCount "89"]
[EventDate "2013.03.09"]
[EventType "swiss"]
[EventRounds "9"]
[EventCountry "MKD"]
[SourceTitle "CBM 153 Extra"]
[Source "ChessBase"]
[SourceDate "2013.04.22"]
[SourceVersion "1"]
[SourceVersionDate "2013.04.22"]
[SourceQuality "1"]

1. d4 g6 2. c4 Nf6 3. Nc3 Bg7 4. e4 d6 5. Nf3 0-0 6. Be2 b6 7. 0-0 c5 8. d5 Nbd7 9. h3 h6 10. Bf4 Nh7 11. Qd2 g5 12. Bg3 Ne5 13. Nxe5 dxe5 14. Rad1 Bd7 15. a3 Qe8 16. Qe3 a5 17. d6 e6 18. Nb5 Bxb5 19. cxb5 f5 20. Qb3 f4 21. Bh2 Rd8 22. f3 h5 23. Kh1 Rf6 24. Bg1 Bf8 25. d7 Rxd7 26. Rxd7 Qxd7 27. Rd1 Qg7 28. Bc4 Kf7 29. Rd7+ Be7 30. Be2 Rh6 31. Qd1 Nf6 32. Rb7 g4 33. Bf2 h4 34. Qd8 Ng8 35. fxg4 Qf6 36. Qd7 f3 37. Bxf3 Qg5 38. Rxb6 Qc1+ 39. Qd1 Qxb2 40. g5 Bxg5 41. Be3 Bf6 42. Bxh6 Nxh6 43. Qf1 Qxa3 44. Bg4 Kg7 45. Rxe6 1-0

[Event "Skopje Karposh op"]
[Site "Skopje"]
[Date "2013.03.11"]
[Round "4"]
[White "Krstevski, Vlatko"]
[Black "Georgieva, Emilia"]
[Result "1-0"]
[WhiteElo "2154"]
[BlackElo "1904"]
[PlyCount "49"]
[EventDate "2013.03.09"]
[EventType "swiss"]
[EventRounds "9"]
[EventCountry "MKD"]
[SourceTitle "CBM 153 Extra"]
[Source "ChessBase"]
[SourceDate "2013.04.22"]
[SourceVersion "1"]
[SourceVersionDate "2013.04.22"]
[SourceQuality "1"]

1. e4 c6 2. d4 d5 3. e5 Bf5 4. Bd3 Bxd3 5. Qxd3 Qa5+ 6. c3 Qa6 7. Qc2 e6 8. Ne2 Nd7 9. 0-0 Ne7 10. Ng3 0-0-0 11. b4 Kb8 12. a4 h5 13. Na3 h4 14. Ne2 Ka8 15. Be3 Nf5 16. b5 Qa5 17. Bd2 Qc7 18. bxc6 bxc6 19. c4 g6 20. cxd5 exd5 21. Rab1 c5 22. Nb5 Qc6 23. Qb3 c4 24. Qf3 Be7 25. Nc7+ 1-0

[Event "Skopje Karposh op"]
[Site "Skopje"]
[Date "2012.04.13"]
[Round "8"]
[White "Jonovska, Katerina"]
[Black "Krstevski, Vlatko"]
[Result "0-1"]
[WhiteElo "1982"]
[BlackElo "2148"]
[PlyCount "68"]
[EventDate "2012.04.07"]
[EventType "swiss"]
[EventRounds "9"]
[EventCountry "MKD"]
[SourceTitle "CBM 147 Extra"]
[Source "ChessBase"]
[SourceDate "2012.04.24"]
[SourceVersion "1"]
[SourceVersionDate "2012.04.24"]
[SourceQuality "1"]

1. e4 c5 2. Nc3 d6 3. f4 Nc6 4. Nf3 Nf6 5. d4 cxd4 6. Nxd4 Qb6 7. Nb3 g6 8. Qf3 Bg7 9. Be3 Qd8 10. h3 0-0 11. 0-0-0 Bd7 12. g4 Rc8 13. g5 Nh5 14. Nd5 e6 15. Nf6+ Nxf6 16. gxf6 Qxf6 17. Nd4 e5 18. Nxc6 Bxc6 19. Be2 Qe6 20. b3 exf4 21. Qxf4 Bxe4 22. Bc4 d5 23. Rhe1 dxc4 24. Bd4 f5 25. Bxg7 Kxg7 26. Rd6 Qe7 27. b4 Rce8 28. Red1 Rd8 29. Rxd8 Rxd8 30. Rxd8 Qxd8 31. Qe5+ Qf6 32. Qc7+ Kh6 33. Qxc4 Qa1+ 34. Kd2 Qh1 0-1

[Event "Skopje Karposh op"]
[Site "Skopje"]
[Date "2012.04.12"]
[Round "7"]
[White "Krstevski, Vlatko"]
[Black "Menkinoski, Riste"]
[Result "0-1"]
[WhiteElo "2148"]
[BlackElo "2369"]
[PlyCount "80"]
[EventDate "2012.04.07"]
[EventType "swiss"]
[EventRounds "9"]
[EventCountry "MKD"]
[SourceTitle "CBM 147 Extra"]
[Source "ChessBase"]
[SourceDate "2012.04.24"]
[SourceVersion "1"]
[SourceVersionDate "2012.04.24"]
[SourceQuality "1"]

1. e4 c6 2. d4 d5 3. exd5 cxd5 4. Nf3 Nc6 5. c3 Nf6 6. Bg5 Ne4 7. Bf4 Bf5 8. Qb3 Qd7 9. Be2 g6 10. Ne5 Qc8 11. Qxd5 e6 12. Qb3 g5 13. Nxc6 gxf4 14. Ne5 Bd6 15. Qb5+ Kf8 16. Bf3 a6 17. Qb6 Bc7 18. Qb3 Bxe5 19. dxe5 Nc5 20. Qb6 Nd3+ 21. Kf1 Kg7 22. Nd2 Rd8 23. Be2 Nxe5 24. Nf3 Nxf3 25. Bxf3 Qc4+ 26. Kg1 Be4 27. h3 Bxf3 28. gxf3 Qd5 29. Kg2 Kh6 30. Rhg1 Rg8+ 31. Kh2 Qxf3 32. Rxg8 Rxg8 33. Rg1 Rg6 34. Rxg6+ hxg6 35. Qc5 e5 36. Qf8+ Kg5 37. Qe7+ f6 38. h4+ Kg4 39. Qxf6 Qxf2+ 40. Kh1 Qxh4+ 0-1

[Event "Skopje Karposh op"]
[Site "Skopje"]
[Date "2012.04.09"]
[Round "4"]
[White "Zupe, Miran"]
[Black "Krstevski, Vlatko"]
[Result "1/2-1/2"]
[WhiteElo "2336"]
[BlackElo "2148"]
[PlyCount "56"]
[EventDate "2012.04.07"]
[EventType "swiss"]
[EventRounds "9"]
[EventCountry "MKD"]
[SourceTitle "CBM 147 Extra"]
[Source "ChessBase"]
[SourceDate "2012.04.24"]
[SourceVersion "1"]
[SourceVersionDate "2012.04.24"]
[SourceQuality "1"]

1. e4 c5 2. Nf3 d6 3. d4 cxd4 4. Nxd4 Nf6 5. f3 a6 6. c4 g6 7. Nc3 Bg7 8. Be3 Nc6 9. Qd2 Bd7 10. Be2 Rc8 11. Rc1 Nxd4 12. Bxd4 0-0 13. 0-0 Qa5 14. Rfd1 Kh8 15. a3 Qh5 16. Be3 Be6 17. Nd5 Nxd5 18. cxd5 Bd7 19. Bg5 f6 20. Be3 Kg8 21. b3 f5 22. exf5 gxf5 23. Rc4 b5 24. f4 Qf7 25. Rcc1 Qf6 26. Rxc8 Rxc8 27. Rc1 Rxc1+ 28. Qxc1 Qb2 1/2-1/2

[Event "FRM-chT 20th"]
[Site "Struga"]
[Date "2011.08.13"]
[Round "6"]
[White "Krstevski, Vlatko"]
[Black "Kutirov, Rolando"]
[Result "1/2-1/2"]
[WhiteElo "2143"]
[BlackElo "2337"]
[PlyCount "158"]
[EventDate "2011.08.08"]
[EventType "team-tourn"]
[EventRounds "7"]
[EventCountry "MKD"]
[SourceTitle "CBM 143 Extra"]
[Source "ChessBase"]
[SourceDate "2011.08.29"]
[SourceVersion "1"]
[SourceVersionDate "2011.08.29"]
[SourceQuality "1"]
[WhiteTeam "Kumanovo"]
[BlackTeam "Skopje Kisela Voda"]
[WhiteTeamCountry "MKD"]
[BlackTeamCountry "MKD"]

1. c4 c6 2. g3 d5 3. cxd5 cxd5 4. Bg2 Nc6 5. b3 e5 6. Bb2 Be6 7. Nf3 f6 8. 0-0 Bd6 9. d3 Nge7 10. Nc3 Qd7 11. Rc1 Rc8 12. a3 0-0 13. b4 d4 14. Ne4 h6 15. Nfd2 b6 16. Nxd6 Qxd6 17. Nc4 Qd7 18. b5 Nd8 19. a4 Bxc4 20. dxc4 Ne6 21. Ba3 Nc5 22. Bxc5 Rxc5 23. Qb3 Kh8 24. Rc2 Rd8 25. Rd1 Qg4 26. h3 Qe6 27. e3 Nf5 28. g4 Nh4 29. Bd5 Qc8 30. Ra2 dxe3 31. fxe3 f5 32. a5 bxa5 33. Rad2 Qb8 34. e4 f4 35. Kh1 Rcc8 36. Qa3 Qb6 37. Qe7 Nf3 38. Rg2 Rxc4 39. g5 Qc7 40. Qxc7 Rxc7 41. gxh6 gxh6 42. Rf1 Rc3 43. Rg6 Kh7 44. Ra6 Rd7 45. Rxa5 Ng5 46. Rfa1 Rcc7 47. R5a3 Re7 48. h4 Nf7 49. Ra6 h5 50. Rg1 Rc3 51. Kh2 Rg3 52. Rxg3 fxg3+ 53. Kxg3 Nh6 54. Be6 Kg7 55. Kf3 Rb7 56. Bc4 Re7 57. Be6 Rc7 58. Rc6 Rb7 59. Bc4 Ng4 60. Ra6 Re7 61. Be6 Nf6 62. Bf5 Rb7 63. Ra5 Re7 64. Ke3 Ne8 65. Ra6 Nf6 66. Kd3 Rb7 67. Kc4 Ne8 68. Re6 Kf7 69. Rxe5 Nd6+ 70. Kc5 Nxb5 71. Bc8 Rb6 72. Rxh5 Nd6 73. Bf5 Ra6 74. Rh7+ Kf8 75. h5 Nxf5 76. exf5 Kg8 77. Rc7 Ra5+ 78. Kd6 Rxf5 79. Rxa7 Rxh5 1/2-1/2

[Event "FRM-chT 20th"]
[Site "Struga"]
[Date "2011.08.11"]
[Round "4"]
[White "Krstevski, Vlatko"]
[Black "Petrov, Saravco"]
[Result "1/2-1/2"]
[WhiteElo "2143"]
[BlackElo "2111"]
[PlyCount "49"]
[EventDate "2011.08.08"]
[EventType "team-tourn"]
[EventRounds "7"]
[EventCountry "MKD"]
[SourceTitle "CBM 143 Extra"]
[Source "ChessBase"]
[SourceDate "2011.08.29"]
[SourceVersion "1"]
[SourceVersionDate "2011.08.29"]
[SourceQuality "1"]
[WhiteTeam "Kumanovo"]
[BlackTeam "Skopje Karposh"]
[WhiteTeamCountry "MKD"]
[BlackTeamCountry "MKD"]

1. c4 e5 2. g3 Nf6 3. Bg2 d5 4. cxd5 Nxd5 5. Nc3 Nb6 6. Nf3 Nc6 7. 0-0 Be7 8. d3 0-0 9. a3 Bg4 10. b4 a6 11. Bb2 Re8 12. Rc1 Bf8 13. Ne4 Nd7 14. Re1 h6 15. h3 Be6 16. Kh2 f5 17. Ned2 Be7 18. Nb3 Bd5 19. Qc2 Kh8 20. Nh4 Bxb3 21. Qxb3 Bxh4 22. gxh4 Qxh4 23. Kg1 Qg5 24. Kh1 Qh5 25. Kh2 1/2-1/2

[Event "FRM-chT 2nd League"]
[Site "Skopje"]
[Date "2011.05.21"]
[Round "6"]
[White "Krstevski, Vlatko"]
[Black "Kukov, Tode"]
[Result "1/2-1/2"]
[WhiteElo "2131"]
[BlackElo "2076"]
[PlyCount "39"]
[EventDate "2011.04.10"]
[EventType "team-tourn"]
[EventRounds "7"]
[EventCountry "MKD"]
[SourceTitle "EXT 2019"]
[Source "ChessBase"]
[SourceDate "2018.10.10"]
[SourceVersion "1"]
[SourceVersionDate "2018.10.10"]
[SourceQuality "1"]

1. e4 Nf6 2. e5 Nd5 3. d4 d6 4. Bc4 Nb6 5. Bb3 dxe5 6. Qh5 e6 7. dxe5 Nc6 8. Nf3 g6 9. Qg4 h5 10. Qe4 Bd7 11. Bd2 Qe7 12. 0-0 Bh6 13. Bxh6 Rxh6 14. Qe3 Rh8 15. Nc3 0-0-0 16. Rfd1 h4 17. h3 Rh5 18. a4 a5 19. Nb5 Rg8 20. Nbd4 1/2-1/2